000 00560nam a2200157 a 4500
008 120416s1972 ||||||||||||||||| || u
050 _aHD 82 Str
100 _aStreeten, Paul
245 1 4 _aThe frontiers of development studies
260 _a(London)
_bMacmillan
_c(1972)
300 _axv, 498p. : ill.
350 _a0.00
650 0 _aECONOMICS
650 0 _aECONOMIC DEVELOPMENT--AFRICA, SUB-SAHARAN
995 _D0.00
_FCBU-MAIN LIBRARY (Kitwe)
_H1
_I0.00
_M1
_UAVAILABLE
_ZMain Library Open Access Collection
999 _c44070
_d44070